La "Tienda del Alfarero" del yacimiento ibérico de la Alcudia (Elche-Alicante) / (Record no. 16852)

MARC details
000 -LEADER
campo de control de longitud fija 01051nam a2200265 i 4500
001 - NÚMERO DE CONTROL
campo de control 16852
003 - IDENTIFICADOR DE NÚMERO DE CONTROL
campo de control ES-MaACL
005 - FECHA Y HORA DE LA ÚLTIMA TRANSACCIÓN
campo de control 20250728030701.0
007 - CAMPO FIJO DE DESCRIPCIÓN FÍSICA--INFORMACIÓN GENERAL
campo de control de longitud fija t|
008 - DATOS DE LONGITUD FIJA--INFORMACIÓN GENERAL
campo de control de longitud fija 001115s1992 sp a |||| | spa d
020 ## - NÚMERO INTERNACIONAL ESTÁNDAR DEL LIBRO
Número Internacional Estándar del Libro 84-88440-00-6
080 ## - NÚMERO DE LA CLASIFICACIÓN DECIMAL UNIVERSAL
Número de la Clasificación Decimal Universal 738.031.3(460.315)
080 ## - NÚMERO DE LA CLASIFICACIÓN DECIMAL UNIVERSAL
Número de la Clasificación Decimal Universal 904(460.315):7.031.3
100 1# - ENTRADA PRINCIPAL--NOMBRE DE PERSONA
Nombre de persona Sala Sellés, Feliciana.
9 (RLIN) 101675
245 13 - MENCIÓN DEL TÍTULO
Título La "Tienda del Alfarero" del yacimiento ibérico de la Alcudia (Elche-Alicante) /
Mención de responsabilidad, etc. Feliciana Sala Sellés.
260 ## - PUBLICACIÓN, DISTRIBUCIÓN, ETC.
Lugar de publicación, distribución, etc. Alicante :
Nombre del editor, distribuidor, etc. Fundación Cultural Caja de Ahorros del Mediterráneo,
Fecha de publicación, distribución, etc. 1992.
300 ## - DESCRIPCIÓN FÍSICA
Extensión 220 p. :
Otras características físicas il. ;
Dimensiones 22 cm.
490 1# - MENCIÓN DE SERIE
Mención de serie Publicaciones de la Caja de Ahorros Provincial ;
Designación de volumen o secuencia 60
650 #4 - PUNTO DE ACCESO ADICIONAL DE MATERIA--TÉRMINO DE MATERIA
Término de materia o nombre geográfico como elemento de entrada Cerámica ibérica-
Subdivisión geográfica La Alcudia (Alicante)
9 (RLIN) 10896
651 #4 - PUNTO DE ACCESO ADICIONAL DE MATERIA--NOMBRE GEOGRÁFICO
Nombre geográfico La Alcudia (Alicante)-
Subdivisión general Restos arqueológicos ibéricos.
9 (RLIN) 8892
710 2# - ENTRADA AGREGADA--NOMBRE DE ENTIDAD CORPORATIVA
Nombre de entidad corporativa o nombre de jurisdicción como elemento de entrada Fundación Cultural Caja de Ahorros del Mediterráneo.
9 (RLIN) 4259
830 00 - PUNTO DE ACCESO ADICIONAL DE SERIE-TÍTULO UNIFORME
Título uniforme Publicaciones de la Caja de Ahorros Provincial de Alicante
Designación de volumen o secuencia 60
9 (RLIN) 186986
852 ## - LOCALIZACIÓN
Ubicación ES-MaACL
Número de control de estantería G-787
Holdings
Estatus retirado Estado de pérdida Estado de daño No para préstamo Biblioteca de origen Biblioteca actual Ubicación en estantería Fecha de adquisición Fuente de adquisición Total de préstamos Signatura topográfica completa Código de barras Visto por última vez Precio de reemplazo Tipo de ítem Koha
        Biblioteca del Ateneo de Madrid Biblioteca del Ateneo de Madrid Depósito 2 17/01/2008     G-787 1017116 23/02/2023 23/02/2023 Libro impreso